000 00657nam a2200193Ia 4500
008 151121s9999||||xx |||||||||||||| ||und||
082 _aबा। वि।
082 _bHNW-73443
100 _aभट्ट विठ्ठलराय
245 _aचौदा भारतीय रत्ने
260 _b"मनोविकास, पुणे।"
260 _c--
300 _a124
600 _aभट्ट विठ्ठलराय
630 _aचौदा भारतीय रत्ने
700 _aभट्ट विठ्ठलराय
730 _aचौदा भारतीय रत्ने
942 _cBOOK
999 _c1254900
_d1254897